000 00387nam a2200145 a 4500
001 000031191
005 20200930062748.0
008 110614s1926 dr 000 0 spa d
040 _aDO-SdBNP
_bspa
_cBNPHU
100 1 _aPineda, José Miguel
_957662
245 1 0 _aPrimavera lírica.
260 _aSanto Domingo :
_bImprenta Montalvo,
_c1926.
300 _a60 p. ;
_c17 cm.
049 _aBNPD
999 _c30683
_d30683